| 000 | 01040nam a2200289 i 4500 | ||
|---|---|---|---|
| 003 | CO-ViMGA | ||
| 005 | 20230915224425.0 | ||
| 008 | 201201s2020 ck a|||br|||| 00| j spa d | ||
| 020 | _a9789585300514 | ||
| 040 |
_aCO-ViMGA _bspa _cCO-ViMGA |
||
| 084 | _aC UND3 | ||
| 100 | 1 |
_aUndarraga, Sol _eautor _9161896 |
|
| 245 | 1 | 3 |
_aEl zorro Chuleta / _cSol Undurraga y Mujer Gallina |
| 250 | _aEdicion especial | ||
| 260 |
_aBogota : _bCataplum Libros, _c2020 |
||
| 300 |
_a48 paginas _bilustraciones _c22 cm |
||
| 490 | 0 | _aPlan Nacional de Lectura y Escritura Leer es mi Cuento / Ministerio de Cultura | |
| 650 | 1 | 7 |
_2LEMB _aAmistad _vCuentos _96921 |
| 650 | 1 | 7 |
_2LEMB _aAutores chilenos _95440 |
| 650 | 1 | 7 |
_2LEMB _aCuentos infantiles chilenos _917757 |
| 650 | 1 | 7 |
_2LEMB _aHabitos alimenticios _vCuentos _9161646 |
| 650 | 1 | 7 |
_2LEMB _aLiteratura infantil chilena _9510 |
| 650 | 1 | 7 |
_2LEMB _aVegetarianismo _vCuentos _9161645 |
| 650 | 1 | 7 |
_2LEMB _aZorros _xHabitos y conducta _vCuentos _9161644 |
| 700 | 1 |
_aMujer Gallina _eautora _9161897 |
|
| 942 |
_2ddc _cBK |
||
| 999 |
_c9048 _d9048 |
||